000 00694nam a2200253Ia 4500
003 OSt
005 20220918220602.0
006 a|||||r|||| 00| 0
007 ta
008 220917b |||||||| |||| 00| 0 eng d
024 _a146,483
037 _cTextual
040 _aARTS
_cARTS
_beng
041 _2eng
_aeng
082 _aY4(W):4:62.1,fN61.N74t, L5
110 _aAmnesity International
_9137864
245 0 _aAnnual report 1974-75
260 _aLondon
_bThe Author
_c1975
300 _a147p. illus
_ccm.
650 _aSOCIOLOGY
700 _aAmnesity International
_9137865
942 _hY4(W):4:62.1,fN61.N74t, L5
_cTEXL
_2CC
999 _c269239
_d269239